Vákuová technika 1.

Bibliographic Details
Main Author: Bláha, Aleš, 1906-1986 (Author)
Format: Book
Language:Slovak
PhysicalDescription:257 s. 4°
Published: Bratislava Slovenská vysoká škola technická 1974
Edition:1. preprac. vyd.

MARC

LEADER 00000nam a2200000 a 4500
001 vtls001334891
003 SK-MaSNL
005 20260301235758.0
008 240314s1974 xo 0 slo
035 |a SNK000287847 
040 |a SNK  |b slo  |c SNK  |e AACR2 
041 0 |a slo 
044 |a xo  |c SK 
100 1 |a Bláha, Aleš,  |d 1906-1986  |4 aut  |9 250449 
245 1 0 |a Vákuová technika  |n 1.  |c Aleš Bláha 
250 |a 1. preprac. vyd. 
260 |a Bratislava  |b Slovenská vysoká škola technická  |c 1974 
300 |a 257 s.  |c 4° 
958 |a OND 
999 |c 976591  |d 978521 
952 |a SNK  |b SNK  |y PREZ  |7 0  |p 17A0920400  |o snkSB 21670/1   |0 0  |1 0  |4 0  |d 2012-07-24  |f 1  |l 0  |r 2025-03-25 00:00:00  |w 2026-02-24 
952 |t P60, <03>, [BOOK], {603}  |a SNK  |b SNK  |y PREZ  |7 0  |o snkSB 21670/1  |i snkKSP 892/75  |0 0  |1 0  |4 0  |d 1998-06-19  |l 0  |r 2005-01-02 00:00:00  |w 2026-02-24 
952 |t P60, <04>, [BOOK], {604}  |a SNK  |b SNK  |y VYP  |7 0  |o snkSB 21670/1 D1  |i snkKSP 893/75  |0 0  |1 0  |4 0  |d 1998-06-19  |l 0  |r 2005-01-02 00:00:00  |w 2026-02-24